LEADER 01065nam a2200265 i 4500 001 000000147090 003 CaOOAMICUS 005 20060906000000.0 008 060906s2001 it u000 u ita u 013 $a124077 020 $a88-15-07830-4 040 $aSeMil$bita 100 1 $aCrouch, Colin.$0(OLS)http://semarc/name/58422 240 10$aSocial Change in Wester Europe.$0(OLS)http://semarc/title/215116 245 10$aSociologia dell'Europa occidentale /$cColin Crouch. 260 $aBologna :$bIl Mulino,$cCopyr. 2001. 300 $a589 p. :$btabelle ;$c22 cm. 500 $aContiene : Riferimenti Bibliografici. 650 4$aEuropa - Sociologia.$0(OLS)http://semarc/subject/13017 850 $aSeMil 852 $aSeMil$W1$xVenegono$y1$m3N III 508$j99681$B99681$CSeMilBibl$Z2$F116663 $81 961 $aOmaggio: Bressan don Luca 996 $6020$a88-15-07830-4$9(OLS)http://semarc/number/135749 996 $6245$aSociologia dell'Europa occidentale$9(OLS)http://semarc/title/215115 996 $6260$aBologna :$bIl Mulino$9(OLS)http://semarc/publisher/29842 LEADER 00924nam a2200265 i 4500 001 000000139973 003 CaOOAMICUS 005 20050606000000.0 008 050606s1959 it u000 u ita u 013 $a114165 040 $aSeMil$bita 100 1 $aMalipiero, Riccardo.$0(OLS)http://semarc/name/54485 245 10$aDebussy /$cRiccardo Malipiero. 250 $a2. Ed. riveduta. 260 $aBrescia :$bLa Scuola,$c1959. 300 $a127 p. ;$c19 cm. 490 0 $aMusicisti 500 $aContiene : Bibliografia. 600 14$aDebussy, Claude <1862-1918>.$0(OLS)http://semarc/subject/33511 830 0$aMusicisti.$0(OLS)http://semarc/title/10913 850 $aSeMil 852 $aSeMil$W1$xVenegono$y1$m3Q II 9$j93360$B93360$CSeMilBibl$Z2$F98754 $81 961 $aOmaggio: Altro 996 $6245$aDebussy$9(OLS)http://semarc/title/204462 996 $6260$aBrescia :$bLa Scuola$9(OLS)http://semarc/publisher/29831